Pavel Žalman Lohonka

Hlavní autor: Žalman Lohonka, Pavel, 1946-
Další autoři: Konečný, Michal Jupp, 1942-
Jazyk: Čeština
Vydáno: Praha : Lidové nakladatelství, 1991
Vydání: 1. vyd.
Edice: Akord (Lidové nakladatelství)
Fyzický popis: 62 s.
Hudebniny Hudebniny
Uloženo v:
LEADER 00972ncm a22002532a 4500
001 000643255
003 CZ BrMZK
005 20120611131653.0
008 021219s1991 xr f cze d
040 |a BOA001  |b cze  |c BOA001 
072 7 |a 784  |x Vokální hudba  |2 Konspekt  |9 9 
100 1 |a Žalman Lohonka, Pavel,  |d 1946-  |7 jn19981002494  |4 lyr  |4 cmp 
245 1 0 |a Pavel Žalman Lohonka  |h [hudebnina] /  |c [hudba a text Pavel Žalman Lohonka] ; vybral a uspoř. Michal Jupp Konečný 
250 |a 1. vyd. 
260 |a Praha :  |b Lidové nakladatelství,  |c 1991 
300 |a 62 s. 
490 1 |a Akord ;  |v 1 
500 |a Obsahuje též písně jiných autorů 
500 |a Text s akordickými značkami a obr. hmatů 
700 1 |a Konečný, Michal Jupp,  |d 1942-  |7 jn19990209379  |4 edt 
830 0 |a Akord (Lidové nakladatelství) 
910 |a BOA001  |b Mus1-0980.189,1 
990 |a MU 
996 6 |b 2619409641  |c Mus1-0980.189,1  |l MZK  |r Sklad / do 1 hodiny  |n 6  |w 000643255  |u 000010  |a 1  |e BOA001  |j MZK50  |s P